Proceedings of the National Institute of Sciences of India. Part A, Physical sciences.

Bibliographic Details
New Title:Indian National Science Academy. Proceedings of the Indian National Science Academy. Part A, Physical sciences
Previous Title:Proceedings of the National Institute of Sciences of India
Corporate Author: National Institute of Sciences of India
Format: Journal
Language:English
Published: New Delhi : The Institute, [1955-1969]
Subjects:
Online Availability: Check for online availability

MARC

Tag First Indicator Second Indicator Subfields
LEADER 00000cas a2200000 a 4500
001 in00000087592
005 20151008064852.0
008 751101d19551969ii br p 1 0eng d
010 |a  82641892  
016 7 |a 7505877  |2 DNLM 
016 7 |a P40340000  |z P14040000  |2 DNLM 
019 |a 5325018  |a 6546447  |a 33906170 
022 |a 0547-7565 
030 |a PIIAAP 
035 |a (OCoLC)ocm01641075 
035 |9 AAK4949AM 
040 |a MUL  |c MUL  |d HUL  |d DLC  |d OCL  |d RCS  |d AIP  |d NST  |d DLC  |d NST  |d IUL  |d AGL  |d OCLCQ  |d NLM  |d OCLCQ  |d TXA  |d UtOrBLW 
042 |a lc 
049 |a TXAM 
050 0 0 |a Q73  |b .I774a 
060 0 0 |a W1  |b PR586BN 
070 0 |a 513  |b N212 Pt.A 
072 0 |a X000 
090 |a Q73  |b .N32 
110 2 |a National Institute of Sciences of India. 
210 0 |a Proc. Natl. Inst. Sci. India, Part A 
222 0 |a Proceedings of the National Institute of Sciences of India. Part A, Physical sciences 
245 1 0 |a Proceedings of the National Institute of Sciences of India.  |n Part A,  |p Physical sciences. 
246 3 0 |a Physical sciences 
264 1 |a New Delhi :  |b The Institute,  |c [1955-1969] 
300 |a 15 volumes :  |b illustrations ;  |c 25 cm. 
310 |a Bimonthly 
336 |a text  |b txt  |2 rdacontent 
337 |a unmediated  |b n  |2 rdamedia 
338 |a volume  |b nc  |2 rdacarrier 
362 0 |a Vol. 21, no. 1 (26 Jan. 1955)-v. 35, no. 6 (Nov. 1969). 
500 |a Title from cover. 
500 |a Description based on: volume 13, number 1 (Jan. 1947); title from cover. 
650 0 |a Physical sciences  |v Periodicals. 
650 2 |a Physics  |v Periodicals. 
780 0 1 |t Proceedings of the National Institute of Sciences of India  |w (DLC)sa 64006518  |w (OCoLC)1781129 
785 0 0 |a Indian National Science Academy.  |t Proceedings of the Indian National Science Academy. Part A, Physical sciences  |x 0370-0046  |w (DLC) 73905807  |w (OCoLC)1790558  |g 1970 
850 |a CoU  |a DLC  |a DNAL  |a InU  |a MH  |a NcRS  |a NjR 
994 |a E0  |b TXA 
949 |a updated  |b h  |c 2005/1/31  |e coplinger  |f 9:42:55 am 
999 |a MARS 
999 f f |s 77205ad6-faa1-3a85-b1e4-98748a0a18b9  |i d3351f7c-834a-3c21-8fb0-b47317794665  |t 0 
952 f f |p ric  |a Texas A&M University  |b Rellis Campus  |c Joint Library Facility  |d Remote Storage  |t 0  |e Q73 .N32  |h Library of Congress classification  |i unmediated -- volume  |k v.26:no.5-6  |l 1960  |m A14831661674 
952 f f |p ric  |a Texas A&M University  |b Rellis Campus  |c Joint Library Facility  |d Remote Storage  |t 0  |e Q73 .N32  |h Library of Congress classification  |i unmediated -- volume  |k v.27:no.1-3  |l 1961  |m A14831661797 
952 f f |p ric  |a Texas A&M University  |b Rellis Campus  |c Joint Library Facility  |d Remote Storage  |t 0  |e Q73 .N32  |h Library of Congress classification  |i unmediated -- volume  |k v.26:suppl.1-2  |l 1960  |m A14831661828 
952 f f |p ric  |a Texas A&M University  |b Rellis Campus  |c Joint Library Facility  |d Remote Storage  |t 0  |e Q73 .N32  |h Library of Congress classification  |i unmediated -- volume  |k v.27:no.5-6  |l 1961  |m A14831661755 
952 f f |p ric  |a Texas A&M University  |b Rellis Campus  |c Joint Library Facility  |d Remote Storage  |t 0  |e Q73 .N32  |h Library of Congress classification  |i unmediated -- volume  |k v.26:no.1-3  |l 1960  |m A14831661632 
952 f f |p ric  |a Texas A&M University  |b Rellis Campus  |c Joint Library Facility  |d Remote Storage  |t 0  |e Q73 .N32  |h Library of Congress classification  |i unmediated -- volume  |k v.28:no.1-3  |l 1962  |m A14831661713 
952 f f |p ric  |a Texas A&M University  |b Rellis Campus  |c Joint Library Facility  |d Remote Storage  |t 0  |e Q73 .N32  |h Library of Congress classification  |i unmediated -- volume  |k v.23  |l 1957  |m A14831661593 
952 f f |p ric  |a Texas A&M University  |b Rellis Campus  |c Joint Library Facility  |d Remote Storage  |t 0  |e Q73 .N32  |h Library of Congress classification  |i unmediated -- volume  |k v.28:no.4-6  |l 1962  |m A14831661860 
952 f f |p ric  |a Texas A&M University  |b Rellis Campus  |c Joint Library Facility  |d Remote Storage  |t 0  |e Q73 .N32  |h Library of Congress classification  |i unmediated -- volume  |k v.22:no.1-4,6  |l 1956  |m A14831661682 
952 f f |p ric  |a Texas A&M University  |b Rellis Campus  |c Joint Library Facility  |d Remote Storage  |t 0  |e Q73 .N32  |h Library of Congress classification  |i unmediated -- volume  |k v.25  |l 1959  |m A14831661836 
952 f f |p ric  |a Texas A&M University  |b Rellis Campus  |c Joint Library Facility  |d Remote Storage  |t 0  |e Q73 .N32  |h Library of Congress classification  |i unmediated -- volume  |k v.21:no.5-6  |l 1955  |m A14831661640 
998 f f |a Q73 .N32  |s v.28 (1962)  |t 0  |l Remote Storage